Jahresquiz 2022 - Statistiken

Allgemein
  • Dieses Quiz wurde 193 mal gespielt
  • Das Durchschnittsergebnis liegt bei 10 aus 25
Antwortstatistiken
Monat Frage Antwort % Korrekt
Februar Russische Truppen überfallen dieses Land. Ukraine
92%
November In diesem Land beginnt die umstrittene Fussball-Weltmeisterschaft. Katar
79%
April Dieser deutsche Sportstar wird in London zu einer Gefängnisstrafe verurteilt. Boris Becker
69%
Mai Dieser Verein gewinnt das Finale der Champions-League. Real Madrid
60%
August Bei einer Umweltkatastrophe an der deutsch-polnischen Grenze sterben zahlreiche dieser Lebewesen. Fische
54%
Februar Die Olympischen Winterspiele finden in dieser Stadt statt. Peking
53%
August Dieser ehemalige Staatspräsident stirbt in Moskau. Michail Gorbatschow
51%
Mai Das Kalush Orchestra gewinnt mit "Stefania" diesen Wettbewerb. Eurovision Song Contest
50%
März Severin Freud kündigt sein Karriereende in diesem Sport an. Skispringen
47%
Januar Dieser Mann wird Weltfussballer des Jahres. Robert Lewandowski
46%
März Dieses Land tritt aus dem Europarat aus. Russland
44%
Dezember Die Regierung dieses Landes beschliesst ein neues Strafgesetzbuch, das unter anderem vorehelichen Sex kriminalisiert. Indonesien
36%
Januar In diesem Land blockiert eine Kolonne von Sattelschleppern die sich "Freedom Convoy" nennt wochenlang die Strassen die Hauptstadt. Kanada
35%
Oktober Ales Bjaljazki erhält diesen wichtigen Preis. Friedensnobelpreis
33%
Januar In dieser deutschen Universität kommen bei einem Amoklauf zwei Menschen ums Leben, drei weitere werden Verletzt. Heidelberg
33%
November In diesem Land findet die 27. UN-Klimakonferenz statt. Ägypten
31%
September Diese Britin tritt das Amt als Premierministerin an und tritt nach nur 45 Tagen zurück. Liz Truss
31%
Juli Dieser ehemalige japanische Premierminister wird bei einem Wahlkampfauftritt ermordet. Shinzo Abe
28%
Oktober Dieses Wort wird Jugendwort des Jahres 2022. Smash
28%
Oktober Diese Frau wird die erste weibliche Ministerpräsidentin Italiens. Giorgia Meloni
24%
September In dieser Sommerresidenz stirbt Queen Elizabeth II. Balmoral Castle
21%
April Diese Bundesfamilienministerin gibt nach einem Skandal ihren Rücktritt bekannt. Anne Spiegel
20%
Mai Anthony Albanese tritt in diesem Land sein Amt als Premierminister an. Australien
13%
Juni Bei einem Erdbeben in diesem Land kommen über 1500 Menschen ums Leben. Afghanistan
12%
Dezember Albert Rösti und Elisabeth Baume-Schneider werden hier herein gewählt. Schweizer Bundesrat
11%
Keine übereinstimmenden Quizze gefunden
Verteilung der Resultate
Anzahl Personen mit jedem Resultat
Perzentil nach korrekt beantworteten Fragen
Ihre Resultats-Entwicklung
Sie haben dieses Quiz noch nicht gespielt